Tecnologías para campesinos: dos enfoques contrapuestos /
Actualmente en el campo conviven dos enfoques productivos: la agricultura industrial y la agroecología. En este trabajo se examinan las diferencias entre ambos, tanto en cuestiones productivas como en el tipo de vínculo que cada uno establece con el entorno. El autor concluye que la aplicación de es...
Gorde:
| Egile nagusia: | |
|---|---|
| Formatua: | Texto |
| Gaiak: | |
| Etiketak: |
Etiketa erantsi
Etiketarik gabe, Izan zaitez lehena erregistro honi etiketa jartzen!
|
MARC
| LEADER | 00000 a a2200000 04500 | ||
|---|---|---|---|
| 001 | 3638 | ||
| 003 | |||
| 040 | |||
| 100 | |a Cáceres, Daniel M. | ||
| 245 | |a Tecnologías para campesinos: |b dos enfoques contrapuestos / |c Daniel M. Cáceres | ||
| 520 | |a Actualmente en el campo conviven dos enfoques productivos: la agricultura industrial y la agroecología. En este trabajo se examinan las diferencias entre ambos, tanto en cuestiones productivas como en el tipo de vínculo que cada uno establece con el entorno. El autor concluye que la aplicación de estos dos enfoques no sólo repercute en la producción, sino también en otros aspectos clave para la reproducción social de los agricultores | ||
| 650 | |a TECNOLOGIA | ||
| 650 | |a INGENIERIA AGRICOLA | ||
| 650 | |a CAMPESINADO | ||
| 650 | |a ASPECTOS SOCIALES | ||
| 650 | |a ASPECTOS ECONOMICOS | ||
| 650 | |a ASPECTOS AGRICOLAS | ||
| 650 | |a ASPECTOS POLITICOS | ||
| 650 | |a PRODUCCION AGROPECUARIA | ||
| 650 | |a AGRICULTURA ORGANICA | ||
| 650 | |a ARGENTINA | ||
| 773 | |g volumen 57, número 5; páginas 354-369 | ||
| 999 | |c 31756 |d 31756 | ||
